| 000 | 01036nam a2200181 a 4500 | ||
|---|---|---|---|
| 008 | 120416s1978 xx |||||||||||||| || u | ||
| 050 | _aHD 31 Joh | ||
| 100 | _aJohnson, Thomas W | ||
| 245 | 1 | 0 | _aManaging today and tomorrow |
| 260 | _c1978 | ||
| 350 | _a0.00 | ||
| 650 | 0 | _aMANAGEMENT | |
| 995 |
_aBINDERY (DAMAGED) _D0.00 _e726788 _FCBU-MAIN LIBRARY (Kitwe) _H3 _I0.00 _jHD 31 Joh _M3 _UDAMAGED _y002848 _ZMain Library Open Access Collection |
||
| 995 |
_aBINDERY (DAMAGED) _D0.00 _e710495 _FCBU-MAIN LIBRARY (Kitwe) _H1 _I0.00 _jHD 31 Joh _M1 _UDAMAGED _y000525 _ZMain Library Open Access Collection |
||
| 995 |
_aBINDERY (DAMAGED) _D0.00 _e710496 _FCBU-MAIN LIBRARY (Kitwe) _H2 _I0.00 _jHD 31 Joh _M4 _UDAMAGED _y710496 _ZMain Library Open Access Collection |
||
| 995 |
_aBINDERY (DAMAGED) _D0.00 _e710494 _FCBU-MAIN LIBRARY (Kitwe) _H5 _I0.00 _jHD 31 Joh _M2 _UDAMAGED _y000526 _ZMain Library Open Access Collection |
||
| 995 |
_aBINDERY (DAMAGED) _D0.00 _e710493 _FCBU-MAIN LIBRARY (Kitwe) _H4 _I0.00 _jHD 31 Joh _M5 _UDAMAGED _y710493 _ZMain Library Open Access Collection |
||
| 999 |
_c82579 _d82579 |
||